01479nam a2200169Ia 4500008004100000040001800041041000800059245008100067260006900148300002500217505089500242650003101137651003001168651003701198651003201235700004201267130821s1978 cl ab gr spa  aCo-BoUCMbspa00aspa13aEl laudo arbitral del Canal Beaglecselección y notas de Germán Carrasco aSantiago de Chile (Chile)bEditorial Jurídica de Chilec[1978] a212 páginasbmapas0 aBreve resená de la cuestión de límites entre Chile y Argentina.--El problema del Canal Beagle, desde sus comienzos hasta El laudo arbitral.--Tratado de límites entre Chile y Argentina, de 23 de julio de 1881.--Protocolo entre Chile y Argentina de 1p0s de mayo de 1893.--Tratado general de arbitraje entre Chile y Argentina, de 28 de mayo de 1902.--Acuerdo de arbitraje (compromiso) respecto a una controversia entre La República de Chile y La República de Argentina en la zona del Canal Beagle, de 22 de julio de 1971.--El laudo arbitral del gobierno de S.M. Británica, de 18 de abril de 1977.--Decisión de la Corte de Arbitraje.--Declaración oficial del Ministro de RR.EE. de Chile, de 2 de mayo de 1977.--Explicación, el fallo del Beagle.--Artículos de la prensa chilena sobre El laudo arbitral y sus repercusiones.--Los argumentos argentinos.--Las razones de Chile.04aArbitramento internacional 7aArgentinaxLimiteszChile 7aCanal Beagle (Argentina y Chile) 7aChilezArgentinazArgentina1 aCarrasco Domínguez, Germánd1927-